Library Logo

Pioneer International University Library Catalogue

The chief : (Record no. 9201)

MARC details
000 -LEADER
fixed length control field 01062cam a2200325 a 4500
001 - CONTROL NUMBER
control field 3770131
003 - CONTROL NUMBER IDENTIFIER
control field OSt
005 - DATE AND TIME OF LATEST TRANSACTION
control field 20250901165801.0
008 - FIXED-LENGTH DATA ELEMENTS--GENERAL INFORMATION
fixed length control field 840607s1984 nyuaf 000 0aeng
010 ## - LIBRARY OF CONGRESS CONTROL NUMBER
LC control number 83043180
020 ## - INTERNATIONAL STANDARD BOOK NUMBER
International Standard Book Number 0394510534 :
Terms of availability $16.95
040 ## - CATALOGING SOURCE
Original cataloging agency DLC
Transcribing agency DLC
Modifying agency DLC
043 ## - GEOGRAPHIC AREA CODE
Geographic area code n-us---
050 00 - LIBRARY OF CONGRESS CALL NUMBER
Classification number PN 4874 .M5865 A33 1984
Item number A33 1984
082 00 - DEWEY DECIMAL CLASSIFICATION NUMBER
Classification number 070/.92/4
-- B
Edition information 19
100 1# - MAIN ENTRY--PERSONAL NAME
Personal name Morrow, Lance.
245 14 - TITLE STATEMENT
Title The chief :
Remainder of title a memoir of fathers and sons /
Statement of responsibility, etc. Lance Morrow.
250 ## - EDITION STATEMENT
Edition statement 1st ed.
260 ## - PUBLICATION, DISTRIBUTION, ETC.
Place of publication, distribution, etc. New York :
Name of publisher, distributor, etc. Random House,
Date of publication, distribution, etc. c1984.
300 ## - PHYSICAL DESCRIPTION
Extent 249 p., [8] p. of plates :
Other physical details ill. ;
Dimensions 25 cm.
600 10 - SUBJECT ADDED ENTRY--PERSONAL NAME
Personal name Morrow, Lance.
600 10 - SUBJECT ADDED ENTRY--PERSONAL NAME
Personal name Morrow, Hugh.
600 10 - SUBJECT ADDED ENTRY--PERSONAL NAME
Personal name Rockefeller, Nelson A.
Fuller form of name (Nelson Aldrich),
Dates associated with a name 1908-1979.
650 #0 - SUBJECT ADDED ENTRY--TOPICAL TERM
Topical term or geographic name entry element Journalists
Geographic subdivision United States
General subdivision Biography.
650 #0 - SUBJECT ADDED ENTRY--TOPICAL TERM
Topical term or geographic name entry element Vice-Presidents
Geographic subdivision United States
General subdivision Biography.
650 #0 - SUBJECT ADDED ENTRY--TOPICAL TERM
Topical term or geographic name entry element Governors
Geographic subdivision New York (State)
General subdivision Biography.
651 #0 - SUBJECT ADDED ENTRY--GEOGRAPHIC NAME
Geographic name United States
General subdivision Politics and government
Chronological subdivision 1945-1989.
906 ## - LOCAL DATA ELEMENT F, LDF (RLIN)
a 7
b cbc
c orignew
d 1
e ocip
f 19
g y-gencatlg
942 ## - ADDED ENTRY ELEMENTS (KOHA)
Source of classification or shelving scheme Library of Congress Classification
Koha item type Books
Holdings
Withdrawn status Lost status Source of classification or shelving scheme Damaged status Not for loan Home library Current library Shelving location Date acquired Total checkouts Full call number Barcode Date last seen Price effective from Koha item type
    Library of Congress Classification     Main Library Main Library   12/13/2024   PN 4874 .M5865 A33 1984 PIU0007255 12/13/2024 12/13/2024 Books